Statystyki dla Przystanki Autobusowe Warszawa Cz.3 (P-Ś)

Kliknij tutaj aby rozwiązać quiz!

Ogólne statystyki

  • Ten quiz został rozwiązany 10 razy
  • Średni wynik to 71 z 409

Statystyki odpowiedzi

Odpowiedź% Poprawnych
PKP Ursus
75%
rondo Daszyńskiego
75%
rondo ONZ
75%
PKP Anin
63%
PKP Falenica
63%
PKP Gołąbki
63%
PKP Koło
63%
PKP Międzylesie
63%
PKP Olszynka Grochowska
63%
PKP Rakowiec
63%
PKP Służewiec
63%
PKP Ursus-Niedźwiadek
63%
pl.Konstytucji
63%
pl.Wilsona
63%
Pomnik Lotnika
63%
Rakowiec
63%
Raszyńska
63%
rondo "Radosława"
63%
rondo Zesłańców Syberyjskich
63%
Saska
63%
Stare Miasto
63%
Park Dreszera
50%
Park Praski
50%
Park Traugutta
50%
PKP Dawidy
50%
PKP Gocławek
50%
PKP Miedzeszyn
50%
PKP Okęcie
50%
PKP Powązki
50%
PKP Powiśle
50%
PKP Radość
50%
PKP Rembertów
50%
PKP Targówek
50%
PKP Wesoła
50%
PKP Włochy
50%
PKP Wola (Kasprzaka)
50%
PKP Wola (Wolska)
50%
PKP Zacisze-Wilno
50%
pl.Na Rozdrożu
50%
pl.Narutowicza
50%
pl.Piłsudskiego
50%
pl.Starynkiewicza
50%
pl.Zawiszy
50%
pl.Zbawiciela
50%
Poligonowa
50%
Powązkowska
50%
Pruszkowska
50%
Ratuszowa
50%
Ratuszowa-ZOO
50%
rondo Starzyńskiego
50%
rondo Unii Europejskiej
50%
rondo Żaba
50%
Śmigłowca
50%
Szczęśliwicka
50%
Park Moczydło
38%
Park Skaryszewski
38%
Perzyńskiego
38%
Piaski
38%
Piastowska
38%
PKP Jeziorki
38%
PKP Płudy
38%
PKP Toruńska
38%
PKP Ursus Płn.
38%
PKP Wawer
38%
PKP WKD Al.Jerozolimskie
38%
PKP Żerań
38%
pl.Bankowy
38%
Płowiecka
38%
pl.Politechniki
38%
pl.Unii Lubelskiej
38%
pl.Zamkowy
38%
Pomnik Sapera
38%
Popularna
38%
Postępu
38%
P+R Al.Krakowska
38%
Prażmowska
38%
Radiowa
38%
Radiowo
38%
Rakowiecka
38%
Rembertów-Ratusz
38%
Rembielińska
38%
Ryżowa
38%
Sadyba
38%
Samochodowa
38%
Sasanki
38%
Siekierki-Sanktuarium
38%
Sielce
38%
Sokratesa
38%
Solec
38%
Spiska
38%
Stare Bemowo
38%
Stawki
38%
Stegny
38%
św.Bonifacego
38%
Szczęśliwice
38%
Szpital Bielański
38%
Szpital Wolski
38%
Parafialna
25%
Park Kaskada
25%
Parowcowa
25%
Piastów Śląskich
25%
Piękna
25%
PKP Mokry Ług
25%
PKP Żwirki i Wigury
25%
pl.Grunwaldzki
25%
pl.Hallera
25%
pl.Inwalidów
25%
pl.Małachowskiego
25%
Płochocińska
25%
pl.Szembeka
25%
pl.Teatralny
25%
pl.Tysiąclecia
25%
Połczyńska-parking P+R
25%
Praga-Płd.-Ratusz
25%
Prozy
25%
Prystora
25%
Przedpole
25%
Przepiórki
25%
Przy Agorze
25%
Raabego
25%
Radarowa
25%
Radiowo-Bocznica
25%
Raginisa
25%
Rakowiecka-Sanktuarium
25%
Rebusowa
25%
Redutowa
25%
Regulska
25%
Rokosowska
25%
rondo Waszyngtona
25%
Rozłogi
25%
Sady Żoliborskie
25%
Salomea
25%
SGGW-Biblioteka
25%
SGGW-Rektorat
25%
Siemiatycka
25%
Składkowskiego
25%
Skorosze
25%
Skoroszewska
25%
Śmigielska
25%
Sobieskiego
25%
Sokołowska
25%
Sowińskiego
25%
Spalinowa
25%
Spartańska
25%
Spisaka
25%
Śreniawitów
25%
Starodęby
25%
Stawy
25%
Sternicza
25%
Strzeleckiego
25%
Suchy Las
25%
Świderska
25%
Szancera
25%
Szarady
25%
Szaserów
25%
Szobera
25%
Szpital Grochowski
25%
Szyszkowa
25%
Pałacowa
13%
Paluch
13%
Park Olszyna
13%
Pelcowizna
13%
Perkuna
13%
Pileckiego
13%
PIMot
13%
Płaskowickiej
13%
pl.Krasińskich
13%
pl.Powstańców Warszawy
13%
pl.Przymierza
13%
pl.Trzech Krzyży
13%
Plutonu Torpedy
13%
Płużańska
13%
Poborzańska
13%
Poczty Gdańskiej
13%
Podczaszyńskiego
13%
Podleśna-IMiGW
13%
Podskarbińska
13%
Podzamcze
13%
Poleczki
13%
Polinezyjska
13%
Porajów
13%
Posag 7 Panien
13%
Powązki-Cm.Wojskowy
13%
Powsinek
13%
Powsin-Park Kultury
13%
Pożarowa
13%
Pożaryskiego
13%
Przasnyska
13%
Przy Bażantarni
13%
Przybyszewskiego
13%
Przyczółek Grochowski
13%
Pustola
13%
Radiowa-WAT
13%
Reduta Wolska
13%
Rembertów-Akademia
13%
Rembertów-Kolonia
13%
RKS Orzeł
13%
Romaszewskiego
13%
rondo Żabczyńskiego
13%
Rosochata
13%
Rozłucka
13%
Rudzka
13%
Rydygiera
13%
Sanguszki
13%
Santocka
13%
SGGW-Klinika
13%
Siedliskowa
13%
Siekierkowska
13%
Sierakowskiego
13%
Skorochód-Majewskiego
13%
Śliwice
13%
Słowackiego
13%
Śniegockiej
13%
Śnieżna
13%
Sójki
13%
Sosnkowskiego
13%
Spacerowa
13%
Spiralna
13%
Środkowa
13%
Staniewicka
13%
Stara Miłosna (Graniczna)
13%
Stara Miłosna (Ułańska)
13%
Stare Świdry
13%
Statkowskiego
13%
Stępińska
13%
Stoicka
13%
Strażacka
13%
Stryjeńskich
13%
Suzina
13%
Świątynia Opatrzności Bożej
13%
Świętojerska
13%
Sympatyczna
13%
Synów Pułku
13%
Sypniewska
13%
Syta
13%
Szaserów-Szpital
13%
Szpital Bródnowski
13%
Szwedzka
13%
Paderewskiego
0%
Palisadowa
0%
Pancera
0%
Parcelacyjna
0%
Park Magiczny
0%
Park Młociński
0%
Park Postępu
0%
Parowozowa
0%
Pastuszków
0%
Patkowskiego
0%
Pelikanów
0%
Peonii
0%
Perłowa
0%
Piasta Kołodzieja
0%
Picassa
0%
Piechurów
0%
Pięciolinii
0%
Pielęgniarek
0%
Piotra Skargi
0%
Pirenejska
0%
Planetowa
0%
Pl.Bernardyński
0%
pl.Grzybowski
0%
pl.Kasztelański
0%
pl.Niemena
0%
Płocka-Szpital
0%
pl.Ostrej Bramy
0%
Płużnicka
0%
Płytowa
0%
Pocisk
0%
Podbiałowa
0%
Podbipięty
0%
Podkowińska
0%
Podkowy
0%
Podolska
0%
Podwójna
0%
Poetów
0%
Pogodna
0%
Polfa
0%
Polnych Kwiatów
0%
Poloneza
0%
Polskie Radio
0%
Pomiechowska
0%
Pomologiczna
0%
Pomorska
0%
Popiela
0%
Portowa
0%
Porzeczkowa
0%
Pośrednia
0%
Potockich
0%
Potulicka
0%
Powązki-IV Brama
0%
Powązki-VI Brama
0%
Powojowa
0%
Pozytywki
0%
Prasowa
0%
Prefabet
0%
Przebieg
0%
Przejezdna
0%
Przekorna
0%
Przełęczy
0%
Przelotowa
0%
Przemysława II
0%
Przewodowa
0%
Przeworska
0%
Przydrożna
0%
Przy Grodzisku
0%
Przyjazna
0%
Przylesie
0%
Przy Parku
0%
Raciborska
0%
Racjonalizacji
0%
Radość-Wodociąg
0%
Rafii
0%
Rakowska
0%
Rechniewskiego
0%
Rejtana
0%
Rekrucka
0%
Rembertów-Strzelnica
0%
Rezedowa
0%
Rodła
0%
Rogalińska
0%
Rogatkowa
0%
Rogowska
0%
Rokokowa
0%
Rolanda
0%
Rolnicza
0%
Romantyczna
0%
rondo Granzowa
0%
Rosnowskiego
0%
Rosy
0%
Rów Natoliński
0%
Rozchodnikowa
0%
Ruczaj
0%
Rudnickiego
0%
Rumiankowa
0%
Ruskowy Bród
0%
Rybałtów
0%
Rybna
0%
Rybnicka
0%
Rychnowska
0%
Rzeczna
0%
Rzeszotarskiej
0%
Sadkowska
0%
Sagalli
0%
Samarytanka
0%
Samorządowa
0%
Samsonowska
0%
Sarabandy
0%
Sarmacka
0%
Schroegera
0%
Schronisko dla Zwierząt
0%
Sęczkowa
0%
Sezam
0%
Siarczana
0%
Sieczna
0%
Siedmiogrodzka
0%
Siemieńskiego
0%
Sienna
0%
Siennicka
0%
Siodlarska
0%
Sitowie
0%
Skalnicowa
0%
Skarbka z Gór
0%
Smocza
0%
Smoluchowskiego
0%
Smugowa
0%
Sobocka
0%
Sochaczewska
0%
Solidna
0%
Sołtyka
0%
Sosnowa
0%
Spadowa
0%
Spichrzowa
0%
Śpiewaków
0%
Spółdzielnia Noma
0%
Stacja Krwiodawstwa
0%
Starego Dębu
0%
Stare Kabaty
0%
Staszica
0%
Stefana Batorego
0%
Stefanika
0%
Stężycka
0%
Stoczniowców
0%
Stolbud
0%
Strąkowa
0%
Strumykowa
0%
Strusia
0%
Strzelecka
0%
Strzygłowska
0%
Suwak
0%
Suwalska
0%
św.A.Boboli
0%
św.Hieronima
0%
Świecka
0%
Św.u.Ledóchowskiej
0%
Szachowa
0%
Szafarzy
0%
Szamocin
0%
Szeligowska-Wiadukt
0%
Szeroka
0%
Szlachecka
0%
Szolc-Rogozińskiego
0%
szosa lubelska
0%
Szpital Południowy
0%
Szuberta
0%
Szumiących Traw
0%
Szwoleżerów
0%
Szymanowskiego
0%
Szymańskiego
0%
Szyszaków
0%

Rozkład punktacji

Percentyl według liczby udzielonych odpowiedzi

Procent ludzi z każdym wynikiem

Twoja historia wyników

Nie rozwiązałeś tego quizu